000 00771nam a2200265Ia 4500
003 OSt
005 20140329151926.0
008 140130s9999 xx 000 0 und d
050 _aM 808.02
_bL44 2004
100 _aLeedy, Loreen
245 _cLoreen Leedy
_aLook at my book how kids can write & illustrate terrific /
260 _bScholastic,
_cc2004.
_aNew York :
300 _a32 p. :
_bcol. ill. ;
_c26 cm.
440 _v1
650 _aAuthorship
_vJuvenile literature.
650 _aBook design
_vJuvenile literature.
650 _aIllustration of books
_vJuvenile literature.
650 _aAuthorship.
650 _aBook design.
650 _aIllustration of books.
650 _aHandicraft.
942 _cBK
_2lcc
999 _c48786
_d48786